Η Φλώρινα στην Οθωμανική αυτοκρατορία : ανθρωπογεωγραφία, δημογραφία, κοινωνική και οικονομική ιστορία
Saved in:
| Main Author: | |
|---|---|
| Format: | Book |
| Language: | Greek |
| Published: |
Φλώρινα :
Δημόσια Κεντρική Βιβλιοθήκη Φλώρινας ''Βασιλική Πιτόσκα'',
2018.
|
| Subjects: | |
| Tags: |
Add Tag
No Tags, Be the first to tag this record!
|
MARC
| LEADER | 00000cam a2200000 a 4500 | ||
|---|---|---|---|
| 001 | 1/121046 | ||
| 008 | 200304s2018####gr ||||||| |||| ||gre|| | ||
| 020 | |a 9786188287631 | ||
| 040 | |a GR-MyUa |b gre |c GR-MyUa |e AACR2 | ||
| 041 | 0 | |a gre | |
| 082 | 7 | |a 938.492 |2 (23) | |
| 100 | 1 | |a Κασκαμανίδης, Ιωάννης. | |
| 245 | 1 | 2 | |a Η Φλώρινα στην Οθωμανική αυτοκρατορία : |b ανθρωπογεωγραφία, δημογραφία, κοινωνική και οικονομική ιστορία / |c Γιάννης Κασκαμανίδης. |
| 260 | |a Φλώρινα : |b Δημόσια Κεντρική Βιβλιοθήκη Φλώρινας ''Βασιλική Πιτόσκα'', |c 2018. | ||
| 300 | |a 223 σ. ; |c 24 εκ. | ||
| 651 | 0 | |a Phlorina (Greece) |x History. | |
| 852 | |a INST |b LESVOS |e 20200304 |h 938.492 ΚΑΣ |p 005100062616 |q 005100062616 |t BK |y 0 | ||
| 920 | |a Γκαρά |b Ελένη |y Λέσβος |z 2020-02 | ||
| 970 | |a Δημάκη |b Μαρία |z 04-03-2020 | ||